[Event "London Classic Open 2014"]
[Site "London ENG"]
[Date "2014.12.12"]
[Round "5.51"]
[White "Shepley, Julien M"]
[Black "Zoldan, Matteo"]
[Result "1-0"]
[BlackTitle "CM"]
[WhiteElo "1942"]
[BlackElo "2174"]
[WhiteFideId "403210"]
[BlackFideId "805319"]
[EventDate "2014.12.08"]

1. e4 c5 2. Nf3 d6 3. Bb5+ Bd7 4. Bxd7+ Qxd7 5. O-O Nf6 6. e5 dxe5 7. Nxe5 Qc8
8. Qf3 e6 9. d3 Be7 10. Nc3 O-O 11. Bf4 Nbd7 12. Rfe1 Nxe5 13. Bxe5 Qd7 14. Qh3
Rad8 15. Ne4 Nd5 16. a3 f6 17. Bg3 e5 18. Qxd7 Rxd7 19. f3 Rc8 20. b3 Kf7 21.
Nd2 Bd8 22. Re4 Ba5 23. Nc4 Bc3 24. Rf1 b5 25. Nxe5+ fxe5 26. Bxe5 Bd4+ 27. Kh1
Bxe5 28. Rxe5 Re8 29. Re4 Nf6 30. Rxe8 Kxe8 31. Kg1 Ke7 32. Kf2 Kd6 33. Ke3 Re7+
34. Kd2 Nd5 35. g3 Ne3 36. Ra1 Nf5 37. c3 Kd5 38. Rf1 Re6 39. f4 Ra6 40. Re1 Re6
41. Rf1 Ne3 42. Rf3 Ng4 43. h3 Nf6 44. g4 Ra6 45. c4+ Kd4 46. g5 Rxa3 47. gxf6
gxf6 48. cxb5 Rxb3 49. f5 Rb2+ 50. Kc1 Rxb5 51. Kc2 Rb4 52. Rf4+ Ke3 53. Rg4 Rf4
54. Rg7 a5 55. Ra7 Rxf5 56. Rxa5 Rh5 57. Rb5 Rxh3 58. Rxc5 Kf4 59. d4 f5 60. Rb5
Kg4 61. d5 f4 62. d6 Rh6 63. Rd5 f3 64. d7 f2 65. d8=Q Rc6+ 66. Kd2 f1=Q 67.
Qg5+ Kh3 68. Qh5+ Kg3 69. Rg5+ Kf2 70. Qh2+ Kf3 71. Qg3+ Ke4 72. Qd3+ Kf4 73.
Qf5# 1-0

[Event "London Classic Open 2014"]
[Site "London ENG"]
[Date "2014.12.12"]
[Round "5.52"]
[White "Moore, Gerald"]
[Black "Cohen, Ronnie"]
[Result "1/2-1/2"]
[WhiteElo "2169"]
[BlackElo "1929"]
[WhiteFideId "403440"]
[BlackFideId "412082"]
[EventDate "2014.12.08"]

1. Nf3 Nf6 2. c4 g6 3. b4 Bg7 4. Bb2 d6 5. d3 Nbd7 6. g3 a5 7. a3 axb4 8. axb4
Rxa1 9. Bxa1 O-O 10. Bg2 c6 11. O-O Re8 12. Nbd2 e5 13. e4 Nf8 14. h3 Ne6 15.
Bc3 Nd7 16. Nb3 c5 17. b5 b6 18. Qe2 Bb7 19. Ra1 Qc7 20. Ra7 Ra8 21. Qa2 Qb8 22.
Rxa8 Qxa8 23. Qxa8+ 1/2-1/2

[Event "London Classic Open 2014"]
[Site "London ENG"]
[Date "2014.12.12"]
[Round "5.53"]
[White "Akshay V Halagannavar"]
[Black "Marzano, Carlo"]
[Result "1/2-1/2"]
[WhiteElo "1881"]
[BlackElo "2166"]
[WhiteFideId "25020188"]
[BlackFideId "802980"]
[EventDate "2014.12.08"]

1. Nf3 Nf6 2. g3 d5 3. Bg2 b5 4. O-O Bb7 5. b3 e6 6. Bb2 Be7 7. d3 O-O 8. Nbd2
a5 9. a3 a4 10. b4 c5 11. bxc5 Bxc5 12. Rb1 Qe7 13. Qc1 Rc8 14. e4 dxe4 15. Nxe4
Nxe4 16. dxe4 Bxe4 17. Re1 Bxf2+ 18. Kxf2 Rxc2+ 19. Qxc2 Bxc2 20. Rbc1 Na6 21.
Rxc2 b4 22. Ne5 Rf8 23. Nc6 Qg5 24. Re5 Qf6+ 25. Kg1 bxa3 26. Bxa3 Re8 27. Be4
Nb8 28. Be7 Qh6 29. Bg5 Qh5 30. Ne7+ Kf8 31. Kg2 Nd7 32. Bf3 Qxf3+ 33. Kxf3
Nxe5+ 34. Ke4 f6 35. Nc8 1/2-1/2

[Event "London Classic Open 2014"]
[Site "London ENG"]
[Date "2014.12.12"]
[Round "5.54"]
[White "Corsino, Gianluca"]
[Black "Cannon, Raymond C"]
[Result "1-0"]
[WhiteElo "2140"]
[BlackElo "1956"]
[WhiteFideId "816930"]
[BlackFideId "408018"]
[EventDate "2014.12.08"]

1. d4 d6 2. e4 Nf6 3. Nc3 g6 4. f4 Bg7 5. Nf3 O-O 6. e5 dxe5 7. fxe5 Nd5 8. Bc4
Nb6 9. Bb3 Nc6 10. O-O Bg4 11. Be3 Na5 12. h3 Nxb3 13. axb3 Bxf3 14. Qxf3 c6 15.
Ne4 Nd5 16. c3 Nxe3 17. Qxe3 Qb6 18. Nc5 Qc7 19. e6 fxe6 20. Rxf8+ Bxf8 21.
Qxe6+ Kh8 22. Qf7 Bh6 23. Ne6 Qd6 24. Rxa7 Rg8 25. Rxb7 Be3+ 26. Kf1 Qh2 27.
Rxe7 Qg1+ 28. Ke2 Qxg2+ 29. Kxe3 Qxh3+ 30. Kd2 Qh6+ 31. Kd3 g5 32. Re8 1-0

[Event "London Classic Open 2014"]
[Site "London ENG"]
[Date "2014.12.12"]
[Round "5.55"]
[White "Gavriel, Tryfon C"]
[Black "Kalavannan, Koby"]
[Result "1/2-1/2"]
[WhiteTitle "CM"]
[WhiteElo "2128"]
[BlackElo "1935"]
[WhiteFideId "403105"]
[BlackFideId "425753"]
[EventDate "2014.12.08"]

1. d4 Nf6 2. c4 g6 3. Nc3 Bg7 4. e4 d6 5. Nge2 O-O 6. f3 e5 7. Be3 Nc6 8. d5 Ne7
9. Qd2 Ne8 10. g4 f5 11. gxf5 gxf5 12. O-O-O fxe4 13. fxe4 Bg4 14. Rg1 Nf6 15.
Kb1 Ng6 16. Bg5 Qd7 17. Rc1 Nh5 18. Ng3 Nhf4 19. h3 Bxh3 20. Bxh3 Nxh3 21. Rg2
Nxg5 22. Qxg5 Qe7 23. Nf5 Qxg5 24. Rxg5 Bf6 25. Rh5 Nf4 26. Rh6 Rf7 27. Nb5 Bg7
28. Rg1 a6 29. Nc3 Kh8 30. Rh2 Rg8 31. Ne2 Nxe2 32. Rxe2 Bf8 33. Rh1 Rg4 34. Rh5
Rg6 35. Kc2 h6 36. Reh2 Rh7 37. Kd3 Rg5 38. R5h3 Rg6 39. Ke3 Kg8 40. Rh5 Kf7 41.
b4 Be7 42. Kf3 Bg5 43. c5 Bf4 44. Rc2 Ke8 45. a4 Kd8 46. b5 a5 47. cxd6 cxd6 48.
b6 Rf6 49. Rg2 Rh8 50. Rg7 Kc8 51. Ke2 Rd8 52. Rh3 Kb8 53. Rc3 Ka8 54. Rcc7 Rb8
55. Ne7 Bg5 56. Nc6 Rbf8 57. Nxa5 Rf2+ 58. Kd3 R8f3+ 59. Kc4 Rc2+ 60. Kb5 Rb2+
61. Kc4 Rc2+ 62. Kb5 1/2-1/2

[Event "London Classic Open 2014"]
[Site "London ENG"]
[Date "2014.12.12"]
[Round "5.56"]
[White "Makepeace, Philip J"]
[Black "Moradi, Kimia"]
[Result "1/2-1/2"]
[WhiteElo "2103"]
[BlackElo "1920"]
[WhiteFideId "413550"]
[BlackFideId "12500100"]
[EventDate "2014.12.08"]

1. e4 e5 2. Nf3 Nc6 3. d4 exd4 4. Nxd4 Bc5 5. Be3 Qf6 6. c3 Nge7 7. g4 d5 8. g5
Qg6 9. Nd2 Bxd4 10. cxd4 dxe4 11. Qb3 Be6 12. Qxb7 Rb8 13. Qxc7 O-O 14. a3 Rxb2
15. Rc1 Rc8 16. Qf4 Nd5 17. Qg3 Nce7 18. Rxc8+ Bxc8 19. Bc4 Ba6 20. O-O Bxc4 21.
Nxc4 Rb3 22. Nd2 Rb2 23. Qe5 Qf5 24. Qxf5 Nxf5 25. Rc1 Rb8 26. Nf1 Rd8 27. Rc5
Ndxe3 28. fxe3 g6 29. Re5 Nd6 30. Rd5 Kf8 31. Ng3 Ke7 32. Nxe4 Nxe4 33. Re5+ Kd6
34. Rxe4 Rb8 35. Rf4 Ke7 36. Re4+ Kd6 37. Re5 Rb3 38. a4 Ra3 39. a5 Ra2 40. Rb5
Kc6 41. Rc5+ Kd6 42. e4 Rd2 43. Rd5+ Kc6 44. h4 Ra2 45. Rc5+ Kd6 46. e5+ Ke6 47.
Kf1 Ra4 48. Rc6+ Kd5 49. Rd6+ Ke4 50. e6 fxe6 51. Rxe6+ Kxd4 52. Ra6 Kc5 53. h5
gxh5 54. Rxa7 Rg4 55. Rxh7 Rxg5 56. a6 Kb6 57. a7 Ra5 1/2-1/2

[Event "London Classic Open 2014"]
[Site "London ENG"]
[Date "2014.12.12"]
[Round "5.57"]
[White "Haldorsen, Benjamin"]
[Black "Dydak, Mateusz"]
[Result "1-0"]
[WhiteElo "2096"]
[BlackElo "1870"]
[WhiteFideId "1512633"]
[BlackFideId "2612305"]
[EventDate "2014.12.08"]

1. d4 f5 2. e4 fxe4 3. Nc3 Nf6 4. Bg5 Nc6 5. d5 Ne5 6. Qd4 Nf7 7. Nh3 c6 8.
O-O-O Qa5 9. Bxf6 gxf6 10. Qxe4 Nd6 11. Qe2 Kd8 12. Kb1 Rg8 13. g3 c5 14. Bg2 f5
15. Rhe1 Qb4 16. Nf4 a5 17. Nd3 Qc4 18. Qe3 Ra6 19. Ne5 Qb4 20. a3 Qb6 21. Bf1
c4 22. Nxc4 Nxc4 23. Bxc4 Qxe3 24. Rxe3 Rh6 25. d6 e6 26. Na4 Rg4 27. Nb6 Rxh2
28. Bxe6 Rxf2 29. Rc3 Bxd6 30. Rxd6 Rg6 31. Rxc8+ Ke7 32. Rxd7+ Kxe6 33. Re8+
Kf6 34. Nd5+ Kg5 35. Rxh7 b5 36. Nf4 1-0

[Event "London Classic Open 2014"]
[Site "London ENG"]
[Date "2014.12.12"]
[Round "5.58"]
[White "Lien, Kjell Hakon"]
[Black "Calderon, Paul"]
[Result "0-1"]
[WhiteElo "2078"]
[BlackElo "1866"]
[WhiteFideId "1510444"]
[BlackFideId "2082160"]
[EventDate "2014.12.08"]

1. e4 c5 2. Ne2 Nc6 3. d4 cxd4 4. Nxd4 e5 5. Nb5 d6 6. c4 a6 7. N5c3 Be7 8. Be2
f5 9. f4 Nf6 10. fxe5 dxe5 11. Qxd8+ Bxd8 12. exf5 Bxf5 13. O-O Bb6+ 14. Kh1 Bg6
15. Bg5 O-O 16. Nd2 Nd4 17. Bf3 Nxf3 18. Nxf3 Rae8 19. Rfe1 e4 20. Nh4 Ng4 21.
h3 Nf2+ 22. Kh2 Bf7 23. Nd5 Bxd5 24. cxd5 h6 25. Be3 Bxe3 26. Rxe3 g5 27. Ng6
Rf6 28. Kg3 Nd3 29. Rd1 Nxb2 30. Rd4 Rxg6 31. d6 Rd8 32. d7 Rg7 33. Rb3 Nd3 34.
Rxb7 Nc5 35. Rc7 Rgxd7 36. Rdxd7 Nxd7 37. Rc6 Kg7 38. Rxa6 Nf6 39. a4 Re8 40.
Kf2 e3+ 41. Ke2 Nh5 0-1

[Event "London Classic Open 2014"]
[Site "London ENG"]
[Date "2014.12.12"]
[Round "5.59"]
[White "Gutkind, Kedem"]
[Black "Peck, Silas"]
[Result "1-0"]
[WhiteElo "2064"]
[BlackElo "1862"]
[WhiteFideId "1046519"]
[BlackFideId "432865"]
[EventDate "2014.12.08"]

1. e4 e5 2. Nf3 Nc6 3. Bb5 Bc5 4. c3 Nf6 5. d4 exd4 6. e5 Ne4 7. cxd4 Bb4+ 8.
Nbd2 O-O 9. O-O d5 10. a3 Ba5 11. Bxc6 bxc6 12. b4 Bb6 13. Re1 Bf5 14. Bb2 a5
15. Nf1 axb4 16. axb4 Qe7 17. Ne3 Qxb4 18. Qc1 Bg6 19. Ba3 Qb3 20. Bxf8 Rxf8 21.
Qxc6 Qb2 22. Rf1 Nc3 23. Nxd5 Ne2+ 24. Kh1 Nxd4 25. Nxd4 Bxd4 26. Ne7+ Kh8 27.
Ra8 Rb8 28. Qe8+ Rxe8 29. Rxe8# 1-0

[Event "London Classic Open 2014"]
[Site "London ENG"]
[Date "2014.12.12"]
[Round "5.60"]
[White "Wettasinha, Vasanta"]
[Black "Villiers, Thomas"]
[Result "0-1"]
[WhiteElo "1761"]
[BlackElo "2061"]
[WhiteFideId "9904433"]
[BlackFideId "427209"]
[EventDate "2014.12.08"]

1. d4 Nf6 2. Nc3 d5 3. Bg5 Nbd7 4. f3 h6 5. Bh4 c5 6. e4 dxe4 7. fxe4 Qa5 8.
Bxf6 Nxf6 9. Bb5+ Bd7 10. Bxd7+ Nxd7 11. Nf3 g6 12. Qd3 Bg7 13. d5 O-O 14. O-O
Qb6 15. Kh1 Qxb2 16. Nb5 c4 17. Qxc4 Rac8 18. Qa4 Nb6 19. Qxa7 Qxb5 20. Rab1 Bb2
21. Qxb7 Rb8 22. Qxe7 Qc4 23. Qh4 Bg7 24. d6 Qxc2 25. Rfc1 Qxa2 26. Qe7 Nd5 27.
Qxf8+ Rxf8 28. exd5 Rd8 0-1

[Event "London Classic Open 2014"]
[Site "London ENG"]
[Date "2014.12.12"]
[Round "5.61"]
[White "Sajjadi, Kimiya"]
[Black "Chiu, Howard"]
[Result "0-1"]
[BlackTitle "CM"]
[WhiteElo "1611"]
[BlackElo "2052"]
[WhiteFideId "1516434"]
[BlackFideId "5801338"]
[EventDate "2014.12.08"]

1. d4 Nf6 2. c4 e6 3. Nc3 Bb4 4. Qc2 d5 5. cxd5 exd5 6. Bg5 Be7 7. e3 O-O 8. Bd3
h6 9. Bh4 Re8 10. Nf3 Nbd7 11. O-O c6 12. h3 Ne4 13. Bxe7 Qxe7 14. Rac1 Nf8 15.
a3 Ng6 16. b4 Nh4 17. Nxh4 Qxh4 18. Bxe4 dxe4 19. Ne2 Bd7 20. Qb2 Re6 21. Ng3
Rg6 22. Rc5 Re8 23. Rh5 Qd8 24. Qb1 Rge6 25. Rc1 Qf6 26. Rf5 Qg6 27. Rcc5 b6 28.
Rce5 f6 29. Rxe6 Bxe6 30. Rf4 f5 31. b5 Qh7 32. bxc6 g5 33. Nxe4 fxe4 34. Rxe4
Rb8 35. Qc2 Bd5 36. f3 Bxe4 37. fxe4 Kf8 38. d5 Ke7 39. Qa4 Kd6 40. Qb4+ Kc7 41.
e5 Rd8 42. e4 Qg7 43. Qc3 Kc8 44. Qg3 Re8 45. Qg4+ Kc7 46. e6 Kd6 47. Qg3+ Qe5
48. Qb3 Qxe4 49. c7 Qxd5 50. Qa4 Qxe6 51. Qxa7 Qe3+ 52. Kh2 Qf4+ 53. g3 Qf2+ 54.
Kh1 Re1# 0-1

[Event "London Classic Open 2014"]
[Site "London ENG"]
[Date "2014.12.12"]
[Round "5.62"]
[White "Robert, Pierre"]
[Black "Haridas, Girinath"]
[Result "1-0"]
[WhiteElo "2051"]
[BlackElo "1856"]
[WhiteFideId "204781"]
[BlackFideId "427144"]
[EventDate "2014.12.08"]

1. d4 Nf6 2. c4 g6 3. Nc3 Bg7 4. e4 d6 5. Nf3 O-O 6. Be2 e5 7. d5 a5 8. Bg5 h6
9. Be3 Na6 10. h3 Qe8 11. g4 Nc5 12. Nd2 Nh7 13. f3 Qe7 14. b3 f5 15. a3 fxe4
16. Ndxe4 Nf6 17. Kd2 Nfxe4+ 18. fxe4 a4 19. Bxc5 dxc5 20. Nxa4 Bd7 21. Nc3 Rf2
22. Qc2 Qg5+ 23. Kd3 Raf8 24. Raf1 Qh4 25. Rxf2 Qxf2 26. Qd1 Rf4 27. Kc2 Qg2 28.
Qg1 Rf2 29. Qxg2 Rxg2 30. Rd1 h5 31. gxh5 gxh5 32. b4 cxb4 33. axb4 Bxh3 34. c5
Bg4 35. Kd3 Rg3+ 36. Kc4 Rxc3+ 37. Kxc3 Bxe2 38. Rd2 Bg4 39. d6 cxd6 40. cxd6
Bf6 41. Kc4 Bd7 42. Kc5 Kf7 43. Kb6 Bc6 44. Kc7 Ke6 45. d7 Bxe4 46. Rd6+ Kf5 47.
Rxf6+ Kxf6 48. d8=Q+ Kf5 49. Kd6 Bf3 50. Qa5 Kg4 51. Qxe5 h4 52. Qh2 h3 53. Ke5
Bg2 54. Qf4+ Kh5 55. Qg3 1-0

[Event "London Classic Open 2014"]
[Site "London ENG"]
[Date "2014.12.12"]
[Round "5.64"]
[White "Jacobsen, Fredrik Beer"]
[Black "Bullock, Lee"]
[Result "1-0"]
[WhiteElo "2034"]
[BlackElo "1514"]
[WhiteFideId "1507044"]
[BlackFideId "425397"]
[EventDate "2014.12.08"]

1. e4 c5 2. Nc3 d6 3. g3 Nf6 4. Bg2 Nc6 5. d3 Bg4 6. f3 Bd7 7. Nge2 e6 8. f4 g6
9. O-O Bg7 10. h3 O-O 11. Be3 Nh5 12. g4 Nf6 13. f5 exf5 14. exf5 gxf5 15. gxf5
Qb6 16. Qd2 Ne7 17. Ng3 Bc6 18. Bh6 Bxh6 19. Qxh6 c4+ 20. Kh2 Qd4 21. Nge2 Ng4+
22. hxg4 Qxg4 23. Rf4 Qg7 24. Qxg7+ Kxg7 25. f6+ 1-0

[Event "London Classic Open 2014"]
[Site "London ENG"]
[Date "2014.12.12"]
[Round "5.65"]
[White "Orgler, Philipp"]
[Black "Strand, Oyvin"]
[Result "1-0"]
[WhiteElo "2165"]
[BlackElo "1877"]
[WhiteFideId "1604236"]
[BlackFideId "1507230"]
[EventDate "2014.12.08"]

1. d4 d5 2. Nc3 f5 3. Bg5 Nf6 4. Bxf6 exf6 5. e3 c6 6. Bd3 Bd6 7. Qf3 g6 8. h4
h5 9. Nge2 Be6 10. O-O Nd7 11. Rab1 Qe7 12. Ng3 O-O 13. Nce2 Bxg3 14. Qxg3 Kh7
15. Nf4 Rg8 16. Rfe1 Rae8 17. b4 b6 18. f3 g5 19. Nxe6 Qxe6 20. Qh3 g4 21. Qg3
Nf8 22. Qf4 Ng6 23. Bxf5 Qf7 24. fxg4 Kg7 25. Bxg6 Qxg6 26. gxh5 Qxh5 27. Rf1
Re6 28. Rbe1 Qg6 29. Qf5 Qxf5 30. Rxf5 Kg6 31. Rf4 Rge8 32. Kf2 f5 33. Kf3 Rh8
34. g4 fxg4+ 35. Kxg4 Rh5 36. Ref1 Rh8 37. R1f3 Rg8 38. h5+ Kh6+ 39. Kh4 Rg1 40.
Rf6+ Rxf6 41. Rxf6+ Kg7 42. Rxc6 1-0

[Event "London Classic Open 2014"]
[Site "London ENG"]
[Date "2014.12.12"]
[Round "5.66"]
[White "Rozycki, Bartlomiej"]
[Black "Rygg, Snorre"]
[Result "1-0"]
[WhiteElo "2085"]
[BlackElo "1865"]
[WhiteFideId "1106996"]
[BlackFideId "1516035"]
[EventDate "2014.12.08"]

1. d4 f5 2. g3 Nf6 3. Bg2 e6 4. c4 c6 5. Nh3 d5 6. Qc2 Be7 7. O-O O-O 8. b3 Na6
9. Bb2 Bd7 10. Nd2 Rc8 11. Rad1 b6 12. Nf4 Nc7 13. Nf3 Nce8 14. h4 Ng4 15. Ne5
Nef6 16. Qd3 Nxe5 17. dxe5 Ne4 18. cxd5 Nc5 19. Qd4 cxd5 20. b4 Na4 21. Ba1 Kh8
22. Rc1 Rc7 23. Rxc7 Qxc7 24. Bxd5 exd5 25. Nxd5 Qd8 26. e6 Rg8 27. Nxe7 1-0

[Event "London Classic Open 2014"]
[Site "London ENG"]
[Date "2014.12.12"]
[Round "5.67"]
[White "Fernandez Aransay, Fernando"]
[Black "Kalaiyalahan, Akshaya"]
[Result "0-1"]
[WhiteElo "1861"]
[BlackElo "2080"]
[WhiteFideId "2216280"]
[BlackFideId "422894"]
[EventDate "2014.12.08"]

1. e4 c5 2. Nf3 Nc6 3. d4 cxd4 4. Nxd4 g6 5. Be3 Bg7 6. Nc3 Nf6 7. Bc4 Qa5 8.
O-O O-O 9. h3 d6 10. Re1 Bd7 11. Nd5 Rfe8 12. c3 Nxe4 13. Bh6 Bxh6 14. Rxe4 Qd8
15. Qf3 Ne5 16. Rxe5 dxe5 17. Nb5 Rc8 18. Ndc7 Rf8 19. Qxb7 Bxb5 20. Qxb5 Qxc7 0-1

[Event "London Classic Open 2014"]
[Site "London ENG"]
[Date "2014.12.12"]
[Round "5.68"]
[White "Machlik, Jon"]
[Black "Barton, R Alan"]
[Result "0-1"]
[WhiteElo "1852"]
[BlackElo "2042"]
[WhiteFideId "1513613"]
[BlackFideId "404233"]
[EventDate "2014.12.08"]

1. e4 d5 2. exd5 Qxd5 3. d4 e5 4. dxe5 Qxd1+ 5. Kxd1 Nc6 6. f4 f6 7. exf6 Nxf6
8. Bd3 Bg4+ 9. Nf3 O-O-O 10. Be3 Nd5 11. Bd2 Bc5 12. Rf1 Nd4 13. h3 Nxf3 14.
hxg4 Nxd2 15. Kxd2 Be3+ 16. Ke2 Bxf4 17. Nd2 Rhe8+ 18. Ne4 Be5 19. Rab1 Nf4+ 20.
Kd2 Nxd3 21. cxd3 Bxb2 22. Nc5 Bd4 23. Ne4 Bb6 24. Kc3 Re7 25. Rf3 a6 26. Rh1 h6
27. g5 hxg5 28. Nxg5 Re2 29. Kb3 Kb8 30. Rf7 Bd4 31. Ne4 Rb2+ 32. Ka4 b5+ 33.
Ka3 Rxg2 0-1

[Event "London Classic Open 2014"]
[Site "London ENG"]
[Date "2014.12.12"]
[Round "5.69"]
[White "Morello, Guido"]
[Black "Dror, Levi"]
[Result "1/2-1/2"]
[WhiteElo "2029"]
[BlackElo "1824"]
[WhiteFideId "836621"]
[BlackFideId "2809583"]
[EventDate "2014.12.08"]

1. e4 e6 2. d4 d5 3. e5 c5 4. c3 Nc6 5. Nf3 Qb6 6. Bd3 Bd7 7. dxc5 Bxc5 8. b4
Bxf2+ 9. Ke2 Nxb4 10. cxb4 Bd4 11. Nxd4 Qxd4 12. Qb3 Qxe5+ 13. Kd1 Nf6 14. Bb2
Qg5 15. Bxf6 Qxf6 16. Qc3 Qg5 17. Qd2 Qe5 18. Nc3 Ba4+ 19. Kc1 O-O 20. Re1 Qf6
21. Rf1 Qe5 22. Kb2 g6 23. Qf4 Qxf4 24. Rxf4 Bd7 1/2-1/2

[Event "London Classic Open 2014"]
[Site "London ENG"]
[Date "2014.12.12"]
[Round "5.70"]
[White "Burke, John S"]
[Black "Brozel, Sacha"]
[Result "1-0"]
[WhiteElo "2026"]
[BlackElo "1822"]
[WhiteFideId "404322"]
[BlackFideId "429317"]
[EventDate "2014.12.08"]

1. f4 Nf6 2. Nf3 e6 3. c3 b6 4. d3 d5 5. g3 Bb7 6. Bg2 Nbd7 7. O-O Bd6 8. Na3 a6
9. b4 Qe7 10. Nc2 O-O 11. a4 e5 12. fxe5 Nxe5 13. Nxe5 Bxe5 14. d4 Bd6 15. Bg5
Rfe8 16. e3 Qe6 17. Bxf6 gxf6 18. Qh5 c6 19. Bh3 Qe7 20. Bf5 1-0

[Event "London Classic Open 2014"]
[Site "London ENG"]
[Date "2014.12.12"]
[Round "5.71"]
[White "Prior, Stephen C V"]
[Black "Viudes Serra, Aaron"]
[Result "1-0"]
[WhiteElo "2014"]
[BlackElo "1818"]
[WhiteFideId "423378"]
[BlackFideId "2247658"]
[EventDate "2014.12.08"]

1. e4 Nf6 2. e5 Nd5 3. d4 d6 4. Nf3 g6 5. Be2 Bg7 6. O-O O-O 7. c4 Nb6 8. exd6
cxd6 9. Be3 Nc6 10. h3 Nd7 11. Nc3 Re8 12. Bg5 Qa5 13. d5 Bxc3 14. dxc6 bxc6 15.
bxc3 Qxc3 16. Re1 Qa5 17. Bf1 f6 18. Bf4 Ne5 19. Nxe5 dxe5 20. Bd2 Qc7 21. c5
Kg7 22. Bc4 Rd8 23. Qe2 e6 24. Bc3 Rd5 25. Bxd5 exd5 26. Rab1 Bf5 27. Rb2 d4 28.
Bd2 Re8 29. Qa6 Bc8 30. Qa5 Qxa5 31. Bxa5 Re7 32. Rb8 Bf5 33. g4 Bd3 34. Rc8 Bb5
35. Rc7 Rxc7 36. Bxc7 g5 37. f3 Kf7 38. Kf2 Ke6 39. Bd8 Kf7 40. Rb1 a6 41. Rb4
d3 42. Ke3 Kg6 43. a4 d2 44. Kxd2 Bf1 45. Rb6 e4 46. Rxc6 Bxh3 47. Rxf6+ Kg7 48.
Ke3 1-0

[Event "London Classic Open 2014"]
[Site "London ENG"]
[Date "2014.12.12"]
[Round "5.72"]
[White "Kumar, Shankar"]
[Black "Ismailov, Roman"]
[Result "1/2-1/2"]
[WhiteElo "1764"]
[BlackElo "2010"]
[WhiteFideId "15600149"]
[BlackFideId "12807710"]
[EventDate "2014.12.08"]

1. d4 c6 2. c4 d5 3. Nf3 Nf6 4. e3 a6 5. Nbd2 g6 6. Bd3 Bg7 7. O-O O-O 8. b3 Bg4
9. h3 Bxf3 10. Nxf3 Nbd7 11. Bb2 Qb6 12. Qc2 Rac8 13. Rfe1 e6 14. Rac1 Rfd8 15.
Bc3 c5 16. Qb2 Ne4 17. Bxe4 dxe4 18. Nd2 cxd4 19. Bxd4 Bxd4 20. exd4 f5 1/2-1/2

[Event "London Classic Open 2014"]
[Site "London ENG"]
[Date "2014.12.12"]
[Round "5.73"]
[White "Millward, Kevin P"]
[Black "Klingher, Dominic"]
[Result "0-1"]
[WhiteElo "2010"]
[BlackElo "1799"]
[WhiteFideId "404721"]
[BlackFideId "428850"]
[EventDate "2014.12.08"]

1. g3 e5 2. Bg2 d5 3. d3 Nf6 4. Nf3 Nc6 5. O-O Bc5 6. c3 Bb6 7. b4 a6 8. Qc2 Bg4
9. Nbd2 Qd7 10. a3 Bh3 11. c4 h5 12. c5 Ba7 13. e4 h4 14. Nb3 Bxg2 15. Kxg2 Qg4
16. h3 Qg6 17. Bb2 d4 18. Nh2 Nh5 19. Ng4 O-O-O 20. Qe2 Rdf8 21. Nd2 f5 22. exf5
Rxf5 23. Nf3 hxg3 24. fxg3 Qe6 25. Nh4 Rg5 26. Rae1 Ne7 27. Bc1 Rf5 28. Nxf5
Nxf5 29. Qxe5 Qc6+ 30. Qe4 Qxe4+ 31. Rxe4 Nfxg3 32. Rxd4 Nxf1 33. Kxf1 b6 34.
cxb6 Bxb6 35. Rd5 Ng3+ 36. Kg2 Ne2 37. Bd2 Re8 38. Re5 Rxe5 39. Nxe5 Nd4 40. Nc4
Ba7 41. Bc3 Kd7 42. Bxd4 Bxd4 43. Kf3 Kc6 44. Ke4 Bf6 45. a4 Bc3 46. Ne5+ Kd6
47. b5 axb5 48. axb5 Bxe5 49. d4 Bf6 50. d5 Bc3 51. h4 Bf6 52. h5 Kc5 53. Kf5
Bc3 54. Kg6 Kxd5 55. h6 gxh6 56. Kxh6 Kc5 0-1

[Event "London Classic Open 2014"]
[Site "London ENG"]
[Date "2014.12.12"]
[Round "5.74"]
[White "Sharma, Amit"]
[Black "Bin-Suhayl, Ieysaa"]
[Result "1-0"]
[WhiteElo "2006"]
[BlackElo "1777"]
[WhiteFideId "5020522"]
[BlackFideId "429031"]
[EventDate "2014.12.08"]

1. e4 e6 2. d4 d5 3. Nd2 Nf6 4. e5 Nfd7 5. Bd3 c5 6. c3 Nc6 7. Ne2 cxd4 8. cxd4
f6 9. exf6 Nxf6 10. O-O Bd6 11. Nf3 O-O 12. Ng3 Qb6 13. b3 Bd7 14. Bb2 Nb4 15.
Bb1 Bb5 16. Re1 Bxg3 17. hxg3 a5 18. Ng5 Rfe8 19. Qd2 Rac8 20. Bc3 Bd7 21. a3
Na6 22. Bxa5 Qxb3 23. Bd3 Bb5 24. Bxb5 Qxb5 25. Rxe6 Rxe6 26. Nxe6 Ne4 27. Qe1
b6 28. Bd2 Re8 29. Nf4 Nxg3 30. Qb1 Ne2+ 31. Nxe2 Qxe2 32. Be3 Rxe3 33. fxe3
Qxe3+ 34. Kf1 Qf4+ 35. Ke2 Qxd4 36. Qd1 Qe4+ 37. Kf1 Qf4+ 38. Qf3 Qc4+ 39. Qe2
Qf4+ 40. Ke1 Qh4+ 41. Kf1 Qh1+ 42. Kf2 Qh4+ 43. g3 Qh2+ 44. Kf3 Qh5+ 45. Kf2
Qh2+ 46. Kf3 Qh5+ 47. g4 Qh3+ 48. Kf4 Qh6+ 49. Kg3 Qd6+ 50. Kg2 Nc7 51. Rc1 h6
52. Qc2 Ne6 53. Qc8+ Kh7 54. Rc6 Nf4+ 55. Kf3 Qe5 56. Qf5+ Qxf5 57. gxf5 Nd3 58.
Rxb6 Ne5+ 59. Ke2 d4 60. Re6 d3+ 61. Kd1 Nc4 62. a4 Nb2+ 63. Kd2 Nxa4 64. Re7
Kg8 65. Kxd3 Nb2+ 66. Kd4 Kf8 67. Ra7 Nd1 68. Ke5 Nf2 69. Ke6 Kg8 70. Ra8+ Kh7
71. Ra7 Kg8 72. Ra4 Nd3 73. Kd5 Kf7 74. Rd4 Nf2 75. Ke5 h5 76. Rd7+ Kg8 77. Kf4
Ng4 78. Kg5 Kf8 79. Ra7 Nf6 80. Kg6 h4 81. Rxg7 Nd5 82. Rh7 h3 83. f6 Nf4+ 84.
Kf5 Kg8 85. Rh4 Nd5 86. Rxh3 Nxf6 87. Kxf6 Kf8 88. Rh8# 1-0

[Event "London Classic Open 2014"]
[Site "London ENG"]
[Date "2014.12.12"]
[Round "5.75"]
[White "Verma, Aditya"]
[Black "Praczukowski, Stanislaw"]
[Result "0-1"]
[WhiteElo "1611"]
[BlackElo "1962"]
[WhiteFideId "426202"]
[BlackFideId "1182730"]
[EventDate "2014.12.08"]

1. e4 e6 2. d4 d5 3. e5 c5 4. c3 Nc6 5. Nf3 Qb6 6. Bd3 cxd4 7. cxd4 Bd7 8. Bc2
Nb4 9. O-O Nxc2 10. Qxc2 Rc8 11. Nc3 Ne7 12. Be3 Nf5 13. Rac1 Be7 14. Qd2 O-O
15. Bf4 Rc4 16. Rfd1 Rfc8 17. g4 Nh4 18. Nxh4 Bxh4 19. Bg3 Be7 20. f4 Rxd4 21.
Qxd4 Bc5 22. Qxc5 Qxc5+ 23. Kg2 Qb4 24. Rb1 d4 25. Ne4 Bc6 0-1